Purificación de aguas residuales del beneficiado de café mediante el tratamiento químico
محفوظ في:
| المؤلف الرئيسي: | |
|---|---|
| التنسيق: | غير معروف |
| منشور في: |
[San José, Costa Rica]
1972
|
| الموضوعات: | |
| الوسوم: |
إضافة وسم
لا توجد وسوم, كن أول من يضع وسما على هذه التسجيلة!
|
MARC
| LEADER | 00000 a2200000 4500 | ||
|---|---|---|---|
| 003 | 011385 | ||
| 005 | 20221231143817.0 | ||
| 008 | 140114s1972 c a m 000 ||s d | ||
| 040 | |c cru CEDI | ||
| 090 | |a TFG 458 | ||
| 100 | |a Orozco Saborío, Ricardo |9 18027 | ||
| 245 | |a Purificación de aguas residuales del beneficiado de café mediante el tratamiento químico | ||
| 260 | |c 1972 |a [San José, Costa Rica] | ||
| 300 | |a 70 hojas : cuadros, gráficos ; 28 cm | ||
| 500 | |a Tesis (Ingeniero Químico) Universidad de Costa Rica | ||
| 501 | |a Ed. mimeografiada. | ||
| 651 | |x PURIFICACION DE AGUAS RESIDUALES |9 10260 | ||
| 942 | |c TFG | ||
| 999 | |c 12342 |d 12342 | ||
